Германская пехота входит в Чехословакию : фотография

RUSMARC
00003547ckm0a2200241#x 450
001afab9c86-b179-43c5-b632-0315e81f8b16
00520200417101821.0
100##$a20200402d19381001k###0rusy50 ca
102##$aCZ
1220#$ad19381001##
2001#$aГерманская пехота входит в Чехословакию : фотография
$j1 октября 1938 г.
251##$cДокумент
461#0$12001
$aФ. 1511к
$1251
$cФонд
$1852
$j1511к
462#0$12001
$aОп. 2
$1251
$cОпись
$1852
$j2
462#0$12001
$aД. 147
$vЛ. 8
$1251
$cДело
$1852
$j147
605##$aВторая мировая война в архивных документах (Комплекс оцифрованных архивных документов, кино- и фотоматериалов)
$lколлекция
$2prlib_sh
$3LIBNET\UAF\0000088514
617##$aЧехословакия
$f1939
$2prlib_sh
617##$aГермания
$f1939
$2prlib_sh
801#0$aRU
$bПБ им. Б.Н. Ельцина
$c20200402
801#1$aRU
$bПБ им. Б.Н. Ельцина
$c20200402
$2rusmarc
801#2$aRU
$bПБ им. Б.Н. Ельцина
$c20200417
$2rusmarc
850##$aРоссийский государственный военный архив
852##$aРГВА
$jЛ. 8
035##$aLIBNET\0001068113
937##$d144049622
$hРоссийский государственный военный архив
8564#$uhttp://readingroom.main.prlib.ru/item.aspx?id_node=n144049622&mode=full
Формат отображения